Normal view MARC view

Entry Topical Term

Number of records used in: 2

001 - CONTROL NUMBER

  • control field: 17092

003 - CONTROL NUMBER IDENTIFIER

  • control field: VITAP

005 - DATE AND TIME OF LATEST TRANSACTION

  • control field: 20260218124737.0

008 - FIXED-LENGTH DATA ELEMENTS

  • fixed length control field: 260218|| aca||babn | a|a d

040 ## - CATALOGING SOURCE

  • Original cataloging agency: VITAP

150 ## - HEADING--TOPICAL TERM

  • Topical term or geographic name entry element: Art of India; Temples; Ajanta; Indian Painting; Khajuraho; Temple Cities of Tamilnadu; Trans Himalayan Monteries; Royal Art And Chola Temples of Tamilnadu

Visitor Number: